Геодезия и фотограмметрия в горном деле: межвузовский научный тематический сборник

Opis bibliograficzny
Korporacja: Свердловский горный институт им. В. В. Вахрушева
Kolejni autorzy: Блюмин М. А. (редактор)
Język:rosyjski
Wydane: Свердловск, Изд-во СГИ, 1983
Hasła przedmiotowe:
Format: MixedMaterials Książka
KOHA link:https://koha.lib.tpu.ru/cgi-bin/koha/opac-detail.pl?biblionumber=291720

MARC

LEADER 00000nam0a2200000 4500
001 291720
005 20231102000422.0
020 |a RU  |b 83-91204 
035 |a (RuTPU)RU\TPU\book\316303 
090 |a 291720 
100 |a 20150416d1983 k y0rusy5003 ca 
101 0 |a rus 
102 |a RU 
105 |a a z 001zy 
200 1 |a Геодезия и фотограмметрия в горном деле  |e межвузовский научный тематический сборник  |f Свердловский горный институт им. В. В. Вахрушева ; под ред. М. А. Блюмина 
210 |a Свердловск  |c Изд-во СГИ  |d 1983 
215 |a 95 с.  |c ил. 
320 |a Библиогр. в конце ст. 
606 1 |a Геодезия в горном деле  |2 stltpush  |3 (RuTPU)RU\TPU\subj\6022  |9 33989 
610 1 |a измерения 
610 1 |a маркшейдерское дело 
610 1 |a фотограмметрия 
610 1 |a обработка 
610 1 |a светодальномеры 
610 1 |a геодезические сети 
675 |a 622.1:528  |z rus  |v 4 
702 1 |a Блюмин  |b М. А.  |4 340 
712 0 2 |a Свердловский горный институт им. В. В. Вахрушева  |c (1934-1991)  |2 stltpush  |3 (RuTPU)RU\TPU\col\6743  |9 24264 
801 0 |a RU  |b RuMRKP  |c 19950704  |g psbo 
801 1 |a RU  |b 63413507  |c 20150416 
801 2 |a RU  |b 63413507  |c 20170713  |g RCR 
942 |c BK